Prague Metro Stops (including D line) - Statistics

General Stats
  • This quiz has been taken 3,621 times
    2,650 since last reset
  • The average score is 40 of 66
Answer Stats
Line Stop % Correct
A/C Muzeum
92%
A/B Můstek
91%
B/C Florenc
88%
C Hlavní nádraží
83%
B Černý Most
81%
A Nemocnice Motol
81%
A Depo Hostivař
78%
C Háje
78%
B Zličín
78%
B Anděl
77%
A Staroměstská
77%
C I. P. Pavlova
76%
C Letňany
76%
A Malostranská
76%
A/D Náměstí Míru
76%
A Hradčanská
75%
A Dejvická
73%
B Náměstí Republiky
73%
C Vyšehrad
73%
C Nádraží Holešovice
71%
C/D Pankrác
71%
A Jiřího z Poděbrad
70%
C Chodov
69%
B Národní třída
69%
A Flora
67%
B Karlovo náměstí
67%
A Nádraží Veleslavín
64%
B Smíchovské nádraží
64%
B Českomoravská
63%
B Invalidovna
63%
C Kačerov
62%
C Vltavská
62%
A Skalka
61%
C Opatov
60%
B Palmovka
60%
A Bořislavka
59%
C Budějovická
59%
B Rajská zahrada
59%
C Kobylisy
58%
A Petřiny
57%
A Strašnická
57%
C Pražského Povstání
56%
B Křižíkova
55%
A Želivského
55%
B Luka
54%
C Prosek
54%
B Stodůlky
54%
C Ládví
53%
B Nové Butovice
53%
B Radlická
52%
C Roztyly
52%
C Střížkov
51%
B Vysočanská
50%
B Jinonice
49%
B Kolbenova
49%
B Lužiny
48%
B Hůrka
47%
B Hloubětín
46%
D Depo Písnice
41%
D Nemocnice Krč
39%
D Písnice
39%
D Nádraží Krč
36%
D Náměstí Bratří Synků
36%
D Olbrachtova
31%
D Libuš
28%
D Nové Dvory
24%
No matching quizzes found
Score Distribution
Percent of People with Each Score
Percentile by Number Answered
Your Score History
You have not taken this quiz since the last reset